City deal puts Skanska on top (Record no. 79356)
[ view plain ]
| 000 -LEADER | |
|---|---|
| fixed length control field | 00810cab a22001935a 4500 |
| 001 - CONTROL NUMBER | |
| control field | L140817 |
| 008 - FIXED-LENGTH DATA ELEMENTS--GENERAL INFORMATION | |
| fixed length control field | 071012e20070919xxk f 000 0 eng d |
| 035 ## - SYSTEM CONTROL NUMBER | |
| System control number | (Sirsi) u140817 |
| 041 0# - LANGUAGE CODE | |
| Language code of text/sound track or separate title | eng |
| 100 1# - MAIN ENTRY--PERSONAL NAME | |
| Personal name | Atkinson, James |
| 245 00 - TITLE STATEMENT | |
| Title | City deal puts Skanska on top |
| 260 ## - PUBLICATION, DISTRIBUTION, ETC. | |
| Date of publication, distribution, etc. | 2007 |
| 490 ## - SERIES STATEMENT | |
| Series statement | Contract Journal |
| Volume/sequential designation | 440(6643) 19 September 2007, 12-13(2) |
| 520 ## - SUMMARY, ETC. | |
| Summary, etc. | Skanska topped the construction market in August, due largely to a contract to design and construct a new office and retail development, The Walbrook, in the City of London. The commercial sector dominated the construction market. In fiscal terms it covered more than half of new orders. Charts, tables and statistics. |
| 590 ## - LOCAL NOTE (RLIN) | |
| Local note | KA |
| 651 #4 - SUBJECT ADDED ENTRY--GEOGRAPHIC NAME | |
| Geographic name | United Kingdom |
| Chronological subdivision | |
| 690 ## - LOCAL SUBJECT ADDED ENTRY--TOPICAL TERM (OCLC, RLIN) | |
| Topical term or geographic name as entry element | BUILT ENVIRONMENT-CONSTRUCTION MARKET |
| 942 ## - ADDED ENTRY ELEMENTS (KOHA) | |
| Suppress in OPAC | 0 |
| Withdrawn status | Lost status | Source of classification or shelving scheme | Damaged status | Not for loan | Home library | Current library | Shelving location | Date acquired | Total Checkouts | Full call number | Barcode | Date last seen | Copy number | Price effective from | Koha item type |
|---|---|---|---|---|---|---|---|---|---|---|---|---|---|---|---|
| Dewey Decimal Classification | London | London | Journal article | 12/10/2007 | L140817 | 140817-1001 | 06/08/2019 | 1 | 06/08/2019 | Journal article |